| 000 | 00485nam a22001937a 4500 | ||
|---|---|---|---|
| 003 | OSt | ||
| 005 | 20260515132353.0 | ||
| 008 | 260515b |||||||| |||| 00| 0 eng d | ||
| 020 | _a9789391392277 | ||
| 082 | _a629.892 TOB | ||
| 100 | _aTOMMY,Robin | ||
| 245 | _aBuilding Smart Robots Using ROS | ||
| 250 | _a1st Ed | ||
| 260 |
_aNew Delhi _bBPB Publication _c2022 |
||
| 300 | _a196p. | ||
| 700 | _aMANAPARAMPIL,Ajithkumar Narayanana | ||
| 700 | _aMICHAEL,Rinu | ||
| 942 |
_2ddc _cBK |
||
| 999 |
_c13955 _d13955 |
||